Torture is not a game: On the limitations and dangers of rational choice methods (Record no. 96579)

000 -LEADER
fixed length control field 00414pab a2200157 454500
008 - FIXED-LENGTH DATA ELEMENTS--GENERAL INFORMATION
fixed length control field 180718b2012 xxu||||| |||| 00| 0 eng d
100 ## - MAIN ENTRY--PERSONAL NAME
Personal name Howes, Dustin Ells
245 ## - TITLE STATEMENT
Title Torture is not a game: On the limitations and dangers of rational choice methods
260 ## - PUBLICATION, DISTRIBUTION, ETC.
Date of publication, distribution, etc. 2012
300 ## - PHYSICAL DESCRIPTION
Extent p.20-27.
362 ## - DATES OF PUBLICATION AND/OR SEQUENTIAL DESIGNATION
Dates of publication and/or sequential designation Mar
650 ## - SUBJECT ADDED ENTRY--TOPICAL TERM
Topical term or geographic name entry element Torture
773 ## - HOST ITEM ENTRY
Main entry heading Political Research Quarterly
908 ## - PUT COMMAND PARAMETER (RLIN)
Put command parameter N
909 ## -
-- 96579
Holdings
Withdrawn status Lost status Damaged status Not for loan Permanent Location Current Location Date acquired Serial Enumeration / chronology Barcode Date last seen Price effective from Koha item type
        Indian Institute of Public Administration Indian Institute of Public Administration 2018-07-19 Volume no: 65, Issue no: 1 AR97039 2018-07-19 2018-07-19 Articles

Powered by Koha